Frutas em inglês - Statistics

Estatísticas Gerais
  • Esse quiz foi jogado 919 vezes
  • A pontuação média é 11 de 15
Estatísticas das Respostas
português inglês % Correto
maçã apple
99%
banana banana
99%
laranja orange
98%
melão melon
86%
abacaxi pineapple
85%
melancia watermelon
85%
morango strawberry
84%
limão lemon
82%
uva grape
77%
manga mango
77%
abacate avocado
68%
pera pear
66%
mamão papaya
48%
amora blackberry
28%
ameixa plum
18%
Nenhum quiz correspondente encontrado
Distribuição das Pontuações
Porcentagem de Pessoas com Cada Pontuação
Percentil de Números Respondidos
Sua Pontuação Histórica
Você não jogou esse quiz